Shikshana mattu jeevanada artha. (Record no. 99129)
[ view plain ]
| 000 -LEADER | |
|---|---|
| fixed length control field | 00719nam a2200241Ia 4500 |
| 003 - CONTROL NUMBER IDENTIFIER | |
| control field | OSt |
| 005 - DATE AND TIME OF LATEST TRANSACTION | |
| control field | 20260525145408.0 |
| 008 - FIXED-LENGTH DATA ELEMENTS--GENERAL INFORMATION | |
| fixed length control field | 210210b1994 xxu||||| |||| 00| 0 eng d |
| 040 ## - CATALOGING SOURCE | |
| Transcribing agency | AL |
| 041 ## - LANGUAGE CODE | |
| Language code of text/sound track or separate title | Kannada |
| 082 ## - DEWEY DECIMAL CLASSIFICATION NUMBER | |
| Classification number | 181.4K KRAS |
| 100 ## - MAIN ENTRY--PERSONAL NAME | |
| Personal name | KRASHNAMURTI (J). |
| Dates associated with a name | ಕೃಷ್ಣಮೂರ್ತಿ (ಜೆ) |
| 9 (RLIN) | 264506 |
| 245 ## - TITLE STATEMENT | |
| Title | Shikshana mattu jeevanada artha. |
| Remainder of title | ಶಿಕ್ಷಣ ಮತ್ತು ಜೀವನದ ಅರ್ಥ |
| 260 ## - PUBLICATION, DISTRIBUTION, ETC. | |
| Place of publication, distribution, etc. | Dharwada. |
| Name of publisher, distributor, etc. | Samaja Pusthakalaya., |
| Date of publication, distribution, etc. | 1994 |
| 300 ## - PHYSICAL DESCRIPTION | |
| Extent | 114,iv |
| 650 ## - SUBJECT ADDED ENTRY--TOPICAL TERM | |
| Topical term or geographic name entry element | Shikshana |
| 9 (RLIN) | 264507 |
| 650 ## - SUBJECT ADDED ENTRY--TOPICAL TERM | |
| Topical term or geographic name entry element | mattu |
| 9 (RLIN) | 264508 |
| 650 ## - SUBJECT ADDED ENTRY--TOPICAL TERM | |
| Topical term or geographic name entry element | jeevanada |
| 9 (RLIN) | 264509 |
| 650 ## - SUBJECT ADDED ENTRY--TOPICAL TERM | |
| Topical term or geographic name entry element | artha. |
| 9 (RLIN) | 264510 |
| 690 ## - LOCAL SUBJECT ADDED ENTRY--TOPICAL TERM (OCLC, RLIN) | |
| Topical term or geographic name as entry element | Indian Philosophy |
| 9 (RLIN) | 264511 |
| 906 ## - LOCAL DATA ELEMENT F, LDF (RLIN) | |
| a | 050757 |
| 942 ## - ADDED ENTRY ELEMENTS (KOHA) | |
| Source of classification or shelving scheme | Dewey Decimal Classification |
| Koha item type | Book |
| Withdrawn status | Lost status | Source of classification or shelving scheme | Damaged status | Not for loan | Collection code | Home library | Current library | Shelving location | Date acquired | Cost, normal purchase price | Total Checkouts | Full call number | Barcode | Date last seen | Price effective from | Koha item type |
|---|---|---|---|---|---|---|---|---|---|---|---|---|---|---|---|---|
| Dewey Decimal Classification | Others | St Aloysius Library | St Aloysius Library | 02/17/2021 | 20.00 | 181.4K KRAS | 050757 | 02/17/2021 | 02/17/2021 | Book |